Toutes les communes de Normandie de plus de 1000 habitants sur une carte - Statistiques

Statistiques générales
  • Ce quiz a été pris 42 fois
  • Le résultat moyen est 125 sur 624
Réponses sur la Carte
Les réponses sont colorées sur une échelle allant du rouge au vert en fonction du pourcentage des utilisateurs qui les ont devinées à leur premier essai. Vous pouvez retrouver ces pourcentages ci-dessous.
 
Statistiques - réponses
Département Commune Population % Correct
14 Caen 108 200
95%
76 Le Havre 166 058
86%
50 Cherbourg-en-Cotentin 77 808
84%
76 Rouen 114 083
84%
61 Alençon 25 555
78%
76 Dieppe 28 358
78%
14 Vire Normandie 17 135
78%
50 Avranches 10 240
76%
14 Bayeux 12 775
76%
27 Évreux 47 289
73%
76 Fécamp 18 016
73%
50 Granville 12 581
73%
76 Le Petit-Quevilly 21 782
73%
61 Argentan 13 291
70%
14 Deauville 3 565
70%
61 Flers 14 482
70%
14 Honfleur 6 761
70%
27 Pont-Saint-Pierre 1 140
70%
50 Saint-Lô 19 373
70%
50 Coutances 8 353
68%
76 Le Grand-Quevilly 25 975
68%
14 Lisieux 19 807
68%
14 Hérouville-Saint-Clair 22 227
62%
76 Saint-Étienne-du-Rouvray 28 508
62%
76 Sotteville-lès-Rouen 28 965
62%
14 Trouville-sur-Mer 4 622
62%
76 Eu 6 591
59%
76 Franqueville-Saint-Pierre 6 067
59%
50 Le Val-Saint-Père 1 925
59%
14 Ouistreham 9 331
59%
27 Saint-Pierre-des-Fleurs 1 653
59%
76 Saint-Pierre-de-Varengeville 2 299
59%
61 Saint-Pierre-du-Regard 1 358
59%
27 Saint-Pierre-du-Vauvray 1 235
59%
50 Saint-Pierre-Église 1 822
59%
14 Saint-Pierre-en-Auge 7 288
59%
76 Saint-Pierre-en-Val 1 090
59%
76 Saint-Pierre-lès-Elbeuf 8 285
59%
61 Val-au-Perche 3 369
59%
14 Val d'Arry 2 420
59%
76 Val-de-Saâne 1 476
59%
76 Val-de-Scie 2 526
59%
76 Elbeuf 15 951
57%
76 Harfleur 8 315
57%
27 Pont-de-l'Arche 4 135
57%
27 Vernon 24 543
57%
14 Cabourg 3 583
54%
27 Les Andelys 7 937
54%
61 Mortagne-au-Perche 3 815
54%
50 Saint-Jean-d'Elle 2 532
54%
50 Saint-Jean-des-Champs 1 496
54%
76 Saint-Jean-du-Cardonnay 1 340
54%
76 Yvetot 11 385
54%
50 Yvetot-Bocage 1 186
54%
76 Étretat 1 233
51%
27 Gisors 11 919
51%
50 La Hague 11 223
51%
76 Le Tréport 4 424
51%
76 Neufchâtel-en-Bray 4 680
51%
76 Barentin 12 154
49%
50 Carentan-les-Marais 10 220
49%
50 La Barre-de-Semilly 1 034
49%
61 Les Monts d'Andaine 1 735
49%
27 Les Monts du Roumois 1 571
49%
76 Octeville-sur-Mer 6 122
49%
76 Bolbec 11 635
46%
76 Gournay-en-Bray 5 944
46%
14 Ifs 11 981
46%
76 Mont-Saint-Aignan 20 066
46%
14 Port-en-Bessin-Huppain 1 907
46%
76 Saint-Laurent-de-Brèvedent 1 488
46%
76 Saint-Valery-en-Caux 3 915
46%
27 Bernay 9 622
43%
27 Bois-le-Roi 1 231
43%
76 Caudebec-lès-Elbeuf 10 135
43%
76 Grand-Couronne 9 726
43%
61 L'Aigle 7 824
43%
27 Louviers 18 350
43%
76 Oissel 12 367
43%
14 Pont-l'Évêque 4 953
43%
50 Valognes 6 791
43%
14 Condé-en-Normandie 6 157
41%
61 Condé-sur-Sarthe 2 490
41%
50 Condé-sur-Vire 4 106
41%
14 Falaise 7 782
41%
50 Isigny-le-Buat 3 182
41%
14 Isigny-sur-Mer 3 570
41%
76 Montivilliers 15 457
41%
27 Neaufles-Saint-Martin 1 324
41%
76 Petit-Couronne 8 688
41%
50 Sainte-Mère-Église 2 965
41%
76 Saint-Martin-de-Boscherville 1 541
41%
14 Saint-Martin-de-Fontenay 2 515
41%
76 Saint-Martin-de-l'If 1 732
41%
76 Saint-Martin-du-Manoir 1 459
41%
76 Saint-Martin-du-Vivier 1 672
41%
76 Saint-Martin-Osmonville 1 179
41%
50 Villedieu-les-Poêles-Rouffigny 3 851
41%
14 Villers-Bocage 3 130
41%
76 Villers-Écalles 1 734
41%
14 Villers-sur-Mer 2 469
41%
76 Canteleu 13 966
38%
76 Darnétal 9 738
38%
14 Dives-sur-Mer 5 174
38%
14 Esquay-Notre-Dame 1 442
38%
14 Houlgate 1 666
38%
76 Lillebonne 8 729
38%
14 Mondeville 10 075
38%
76 Notre-Dame-de-Bondeville 6 957
38%
27 Pont-Audemer 9 848
38%
76 Saint-Aubin-Celloville 1 181
38%
14 Saint-Aubin-d'Arquenay 1 121
38%
76 Saint-Aubin-Épinay 1 019
38%
76 Saint-Aubin-lès-Elbeuf 8 428
38%
76 Saint-Aubin-Routot 1 954
38%
27 Saint-Aubin-sur-Gaillon 2 176
38%
14 Saint-Aubin-sur-Mer 2 139
38%
76 Saint-Aubin-sur-Scie 1 202
38%
50 Saint-Hilaire-du-Harcouët 5 747
38%
76 Bois-Guillaume 14 262
35%
76 Jumièges 1 726
35%
61 La Ferté-en-Ouche 2 993
35%
61 La Ferté Macé 5 116
35%
50 Pontorson 4 334
35%
27 Saint-André-de-l'Eure 3 978
35%
14 Saint-André-sur-Orne 1 790
35%
76 Sainte-Marie-des-Champs 1 579
35%
27 Verneuil d'Avre et d'Iton 7 305
35%
14 Colleville-Montgomery 2 537
32%
27 Conches-en-Ouche 4 905
32%
61 Domfront en Poiraie 4 155
32%
50 Flamanville 1 724
32%
27 Fontaine-Bellenger 1 122
32%
14 Fontaine-Étoupefour 2 747
32%
76 Fontaine-la-Mallet 2 635
32%
76 Fontaine-le-Bourg 1 843
32%
27 Gaillon 6 801
32%
76 Maromme 11 024
32%
76 Sainte-Adresse 7 116
32%
61 Saint-Germain-du-Corbéis 3 693
32%
14 Saint-Germain-la-Blanche-Herbe 2 403
32%
27 Saint-Germain-sur-Avre 1 182
32%
50 Saint-James 4 890
32%
76 Saint-Nicolas-d'Aliermont 3 764
32%
76 Saint-Nicolas-de-la-Taille 1 642
32%
27 Val-de-Reuil 12 647
32%
61 Bagnoles de l'Orne Normandie 2 704
30%
27 Beuzeville 4 689
30%
76 Beuzeville-la-Grenier 1 234
30%
76 Bihorel 8 199
30%
76 Bréauté 1 365
30%
50 Fleury 1 070
30%
27 Fleury-sur-Andelle 1 818
30%
14 Fleury-sur-Orne 5 303
30%
14 La Rivière-Saint-Sauveur 2 535
30%
14 Mézidon Vallée d'Auge 9 579
30%
76 Port-Jérôme-sur-Seine 10 387
30%
61 Saint-Denis-sur-Sarthon 1 101
30%
76 Saint-Jacques-sur-Darnétal 3 152
30%
76 Saint-Romain-de-Colbosc 4 436
30%
50 Saint-Vaast-la-Hougue 1 684
30%
27 Tourville-la-Campagne 1 120
30%
76 Tourville-la-Rivière 2 568
30%
76 Tourville-sur-Arques 1 193
30%
14 Tourville-sur-Odon 1 127
30%
27 Amfreville-Saint-Amand 1 194
27%
14 Carpiquet 3 133
27%
14 Courseulles-sur-Mer 4 137
27%
76 Déville-lès-Rouen 10 745
27%
76 Fontenay 1 743
27%
14 Fontenay-le-Marmion 1 997
27%
14 Fontenay-le-Pesnel 1 217
27%
76 Forges-les-Eaux 3 702
27%
14 Livarot-Pays-d'Auge 6 158
27%
27 Pacy-sur-Eure 5 001
27%
76 Pavilly 6 121
27%
61 Sées 4 191
27%
76 Tôtes 1 575
27%
50 Agon-Coutainville 2 941
24%
61 Aube 1 247
24%
50 Barneville-Carteret 2 191
24%
76 Blainville-Crevon 1 227
24%
50 Blainville-sur-Mer 1 606
24%
14 Blainville-sur-Orne 5 876
24%
76 Blangy-sur-Bresle 2 862
24%
76 Bonsecours 6 455
24%
50 Bréhal 3 472
24%
76 Clères 1 380
24%
76 Le Mesnil-Esnard 7 980
24%
27 Le Neubourg 4 268
24%
27 Mesnil-en-Ouche 4 452
24%
50 Mortain-Bocage 2 943
24%
76 Petit-Caux 9 625
24%
27 Saint-Marcel 4 422
24%
50 Saint-Quentin-sur-le-Homme 1 371
24%
76 Saint-Sauveur-d'Émalleville 1 226
24%
50 Saint-Sauveur-le-Vicomte 2 062
24%
50 Saint-Sauveur-Villages 3 362
24%
76 Tancarville 1 218
24%
14 Thury-Harcourt-le-Hom 3 593
24%
50 Bretteville 1 014
22%
76 Bretteville-du-Grand-Caux 1 374
22%
14 Bretteville-sur-Laize 1 911
22%
14 Bretteville-sur-Odon 4 148
22%
50 Bricquebec-en-Cotentin 5 867
22%
61 Briouze 1 513
22%
76 Cléon 4 907
22%
50 La Haye 3 971
22%
27 La Haye-Malherbe 1 380
22%
50 La Haye-Pesnel 1 262
22%
76 Le Houlme 4 133
22%
76 Les Authieux-sur-le-Port-Saint-Ouen 1 230
22%
14 Les Monts d'Aunay 4 554
22%
50 Les Pieux 3 253
22%
14 Luc-sur-Mer 3 268
22%
76 Malaunay 6 143
22%
50 Quettehou 1 786
22%
61 Saint-Georges-des-Groseillers 3 164
22%
27 Saint-Ouen-de-Thouberville 2 446
22%
27 Saint-Ouen-du-Tilleul 1 762
22%
27 Saint-Sébastien-de-Morsent 5 530
22%
14 Troarn 3 446
22%
14 Amfreville 1 383
19%
76 Amfreville-la-Mi-Voie 3 296
19%
14 Argences 3 848
19%
76 Arques-la-Bataille 2 480
19%
76 Aumale 1 974
19%
27 Breteuil 4 287
19%
27 Brionne 4 219
19%
76 Cany-Barville 2 947
19%
14 Colombelles 7 022
19%
50 Créances 2 091
19%
61 Damigny 2 406
19%
76 Duclair 4 020
19%
27 Étrépagny 3 684
19%
76 Gonfreville-l'Orcher 8 961
19%
50 Jullouville 2 382
19%
27 La Chapelle-Longueville 3 290
19%
76 Le Trait 4 780
19%
76 Londinières 1 243
19%
61 Magny-le-Désert 1 382
19%
76 Martin-Église 1 600
19%
50 Quettreville-sur-Sienne 3 188
19%
27 Romilly-sur-Andelle 3 247
19%
76 Sainte-Marguerite-sur-Duclair 2 032
19%
76 Saint-Saëns 2 317
19%
76 Boos 3 991
16%
76 Bosc-le-Hard 1 579
16%
27 Bourg-Achard 4 014
16%
14 Clécy 1 316
16%
14 Cormelles-le-Royal 5 170
16%
14 Douvres-la-Délivrande 5 097
16%
14 Dozulé 2 315
16%
61 Gacé 1 786
16%
27 Grand Bourgtheroulde 4 025
16%
76 Isneauville 3 657
16%
61 La Ferrière-aux-Étangs 1 556
16%
76 La Neuville-Chant-d'Oisel 2 377
16%
27 Le Bosc du Theil 1 309
16%
27 Le Vaudreuil 3 632
16%
14 Merville-Franceville-Plage 2 207
16%
27 Mesnils-sur-Iton 6 145
16%
50 Montebourg 2 001
16%
76 Montigny 1 285
16%
76 Montville 4 595
16%
27 Nonancourt 2 287
16%
76 Offranville 3 191
16%
14 Orbec 1 950
16%
50 Périers 2 334
16%
27 Perriers-sur-Andelle 1 798
16%
50 Pont-Hébert 1 907
16%
14 Ponts sur Seulles 1 209
16%
50 Saint-Pair-sur-Mer 4 238
16%
76 Saint-Vigor-d'Ymonville 1 167
16%
14 Saint-Vigor-le-Grand 2 529
16%
61 Vimoutiers 3 069
16%
76 Yerville 2 584
16%
27 Andé 1 310
14%
76 Belbeuf 2 249
14%
14 Blonville-sur-Mer 1 550
14%
50 Brécey 2 159
14%
76 Criel-sur-Mer 2 596
14%
14 Démouville 3 008
14%
50 Donville-les-Bains 3 103
14%
76 Doudeville 2 460
14%
61 Écouves 1 664
14%
76 Envermeu 1 978
14%
14 Épron 1 672
14%
14 Évrecy 2 037
14%
14 Giberville 4 844
14%
14 Grandcamp-Maisy 1 529
14%
27 Gravigny 4 005
14%
50 Lessay 2 248
14%
14 Lion-sur-Mer 2 521
14%
76 Luneray 2 170
14%
76 Quincampoix 3 110
14%
76 Rogerville 1 706
14%
14 Rots 2 508
14%
27 Routot 1 670
14%
76 Rouxmesnil-Bouteilles 1 814
14%
76 Saint-Antoine-la-Forêt 1 097
14%
76 Saint-Arnoult 1 453
14%
14 Saint-Arnoult 1 105
14%
14 Saint-Gatien-des-Bois 1 332
14%
76 Saint-Léger-du-Bourg-Denis 3 641
14%
27 Serquigny 1 785
14%
14 Souleuvre en Bocage 8 745
14%
50 Sourdeval 3 077
14%
50 Torigny-les-Villes 4 439
14%
14 Touques 3 802
14%
14 Verson 3 794
14%
50 Agneaux 4 255
11%
27 Alizay 1 592
11%
61 Athis-Val de Rouvre 4 216
11%
14 Bénouville 2 016
11%
14 Bernières-sur-Mer 2 388
11%
14 Biéville-Beuville 3 738
11%
14 Bourguébus 2 433
11%
27 Broglie 1 000
11%
76 Buchy 2 805
11%
27 Bueil 1 625
11%
76 Cauville-sur-Mer 1 618
11%
50 Cerisy-la-Forêt 1 025
11%
50 Cerisy-la-Salle 1 025
11%
61 Ceton 1 765
11%
27 Cormeilles 1 166
11%
27 Courcelles-sur-Seine 2 140
11%
27 Criquebeuf-sur-Seine 1 524
11%
76 Criquetot-l'Esneval 2 567
11%
76 Épouville 2 641
11%
76 Étalondes 1 059
11%
27 Ferrières-Haut-Clocher 1 140
11%
76 Goderville 2 839
11%
76 Gonneville-la-Mallet 1 363
11%
50 Gonneville-Le Theil 1 508
11%
76 Hautot-sur-Mer 1 887
11%
76 Houppeville 2 884
11%
27 Igoville 1 724
11%
27 La Bonneville-sur-Iton 2 046
11%
76 La Londe 2 362
11%
14 Langrune-sur-Mer 1 912
11%
76 La Vaupalière 1 192
11%
27 Les Damps 1 347
11%
76 Les Loges 1 119
11%
50 Les Loges-Marchis 1 025
11%
27 Le Val d'Hazey 5 194
11%
14 May-sur-Orne 2 017
11%
14 Moult-Chicheboville 3 378
11%
76 Ourville-en-Caux 1 105
11%
50 Pirou 1 458
11%
76 Pissy-Pôville 1 281
11%
50 Port-Bail-sur-Mer 2 534
11%
14 Ranville 1 982
11%
61 Rives d'Andaine 2 924
11%
76 Rives-en-Seine 4 078
11%
76 Rolleville 1 207
11%
50 Saint-Amand-Villages 2 520
11%
61 Saint-Sulpice-sur-Risle 1 615
11%
14 Soliers 2 135
11%
50 Tessy-Bocage 2 223
11%
61 Tinchebray-Bocage 4 884
11%
27 Vexin-sur-Epte 5 990
11%
76 Anneville-Ambourville 1 168
8%
27 Beaumont-le-Roger 2 764
8%
61 Bellême 1 456
8%
27 Bourneville-Sainte-Croix 1 343
8%
61 Bretoncelles 1 469
8%
50 Bricqueville-sur-Mer 1 266
8%
50 Canisy 1 734
8%
27 Charleval 1 704
8%
27 Corneville-sur-Risle 1 374
8%
50 Couville 1 207
8%
14 Cuverville 2 278
8%
50 Ducey-Les Chéris 2 828
8%
76 Eslettes 1 641
8%
14 Éterville 1 604
8%
50 Fermanville 1 282
8%
50 Folligny 1 100
8%
14 Frénouville 1 995
8%
76 Fresquiennes 1 063
8%
76 Gainneville 2 511
8%
27 Gasny 3 072
8%
50 Gouville-sur-Mer 3 254
8%
50 Grandparigny 2 629
8%
76 Gruchet-le-Valasse 3 074
8%
76 Grugny 1 005
8%
50 Hambye 1 077
8%
27 Harcourt 1 090
8%
14 Hermanville-sur-Mer 3 203
8%
14 Hérouvillette 1 351
8%
27 Illiers-l'Évêque 1 022
8%
76 Incheville 1 170
8%
27 Ivry-la-Bataille 2 638
8%
50 Juvigny les Vallées 1 681
8%
76 La Cerlangue 1 297
8%
76 La Feuillie 1 262
8%
61 La Lande-Patry 1 774
8%
76 La Remuée 1 285
8%
61 La Selle-la-Forge 1 423
8%
27 Le Manoir 1 295
8%
50 Le Teilleul 1 677
8%
27 Le Thuit de l'Oison 3 775
8%
76 Limésy 1 471
8%
76 Manneville-la-Goupil 1 052
8%
27 Manneville-sur-Risle 1 456
8%
50 Marcey-les-Grèves 1 297
8%
50 Martinvast 1 331
8%
14 Mathieu 2 339
8%
76 Mesnil-Raoul 1 171
8%
76 Montmain 1 448
8%
50 Montmartin-sur-Mer 1 405
8%
14 Mouen 1 731
8%
14 Moulins-en-Bessin 1 088
8%
27 Normanville 1 134
8%
61 Passais Villages 1 162
8%
50 Percy-en-Normandie 2 614
8%
76 Petiville 1 142
8%
27 Pîtres 2 596
8%
76 Préaux 1 863
8%
61 Putanges-le-Lac 2 125
8%
61 Rai 1 427
8%
50 Réville 1 026
8%
76 Roumare 1 549
8%
27 Rugles 2 199
8%
76 Sahurs 1 219
8%
14 Saint-Contest 2 487
8%
76 Saint-Eustache-la-Forêt 1 233
8%
76 Saint-Jouin-Bruneval 1 829
8%
76 Saint-Léonard 1 713
8%
14 Saint-Manvieu-Norrey 2 078
8%
76 Saint-Paër 1 306
8%
50 Saint-Planchers 1 435
8%
50 Saint-Senier-sous-Avranches 1 431
8%
50 Sartilly-Baie-Bocage 2 835
8%
76 Sierville 1 108
8%
27 Thiberville 1 773
8%
14 Thue et Mue 6 169
8%
14 Tilly-sur-Seulles 1 786
8%
50 Tollevast 1 623
8%
50 Tourneville-sur-Mer 1 663
8%
61 Tourouvre au Perche 3 023
8%
27 Toutainville 1 290
8%
61 Valframbert 1 721
8%
14 Ver-sur-Mer 1 662
8%
50 Vicq-sur-Mer 1 072
8%
76 Ymare 1 212
8%
50 Yquelon 1 165
8%
14 Ablon 1 187
5%
27 Acquigny 1 699
5%
27 Ailly 1 210
5%
14 Amayé-sur-Orne 1 061
5%
27 Angerville-la-Campagne 1 376
5%
76 Angerville-la-Martel 1 083
5%
76 Angerville-l'Orcher 1 394
5%
76 Arelaune-en-Seine 2 518
5%
14 Authie 1 676
5%
76 Bacqueville-en-Caux 1 900
5%
14 Balleroy-sur-Drôme 1 331
5%
50 Barenton 1 171
5%
14 Baron-sur-Odon 1 055
5%
14 Basly 1 057
5%
14 Bavent 1 940
5%
14 Bellengreville 1 458
5%
61 Berd'huis 1 094
5%
27 Bézu-Saint-Éloi 1 578
5%
76 Bosc-Guérard-Saint-Adrien 1 070
5%
27 Bosroumois 3 786
5%
27 Boulleville 1 209
5%
50 Bourgvallées 3 312
5%
27 Bourth 1 171
5%
76 Bouville 1 013
5%
50 Brix 2 149
5%
14 Cambes-en-Plaine 1 807
5%
14 Cambremer 1 310
5%
27 Campigny 1 106
5%
27 Caumont 1 109
5%
14 Caumont-sur-Aure 2 417
5%
61 Ceaucé 1 162
5%
50 Cérences 1 761
5%
27 Clef Vallée d'Eure 2 468
5%
14 Colomby-Anguerny 1 306
5%
27 Conteville 1 019
5%
14 Creully sur Seulles 2 266
5%
27 Croth 1 378
5%
50 Digosville 1 638
5%
61 Écouché-les-Vallées 2 197
5%
27 Épaignes 1 558
5%
76 Épreville 1 052
5%
14 Équemauville 1 568
5%
76 Étainhus 1 210
5%
27 Ézy-sur-Eure 3 669
5%
76 Ferrières-en-Bray 1 675
5%
27 Frenelles-en-Vexin 1 702
5%
76 Froberville 1 164
5%
76 Gaillefontaine 1 183
5%
27 Garennes-sur-Eure 1 991
5%
50 Gavray-sur-Sienne 2 004
5%
61 Gouffern en Auge 3 660
5%
27 Goupil-Othon 1 254
5%
76 Grainville-la-Teinturière 1 072
5%
14 Grainville-sur-Odon 1 050
5%
27 Guichainville 3 067
5%
76 Hénouville 1 379
5%
27 Heudreville-sur-Eure 1 070
5%
27 Houlbec-Cocherel 1 262
5%
27 Incarville 1 375
5%
76 La Frénaye 2 081
5%
76 Lanquetot 1 152
5%
27 La Saussaye 1 887
5%
14 Le Molay-Littry 3 059
5%
27 Le Perrey 1 229
5%
27 Léry 1 999
5%
76 Les Grandes-Ventes 1 746
5%
76 Les Hauts-de-Caux 1 344
5%
27 Les Trois Lacs 1 742
5%
27 Lieurey 1 477
5%
61 Lonlay-l'Abbaye 1 116
5%
61 Lonrai 1 105
5%
14 Louvigny 2 646
5%
14 Maltot 1 028
5%
50 Marigny-Le-Lozon 2 746
5%
76 Maulévrier-Sainte-Gertrude 1 035
5%
27 Menneval 1 538
5%
61 Messei 1 831
5%
76 Morgny-la-Pommeraye 1 071
5%
61 Mortrée 1 134
5%
14 Moyaux 1 356
5%
27 Nassandres sur Risle 2 329
5%
76 Nointot 1 364
5%
50 Picauville 3 237
5%
27 Poses 1 130
5%
14 Potigny 2 077
5%
76 Quévreville-la-Poterie 1 032
5%
61 Rémalard en Perche 1 896
5%
76 Roncherolles-sur-le-Vivier 1 231
5%
61 Saint-Bômer-les-Forges 1 024
5%
14 Sainte-Honorine-du-Fay 1 332
5%
14 Sannerville 1 888
5%
61 Sarceaux 1 049
5%
76 Sassetot-le-Mauconduit 1 011
5%
76 Servaville-Salmonville 1 125
5%
50 Sottevast 1 447
5%
50 Surtainville 1 164
5%
27 Terres de Bord 1 548
5%
76 Terres-de-Caux 4 208
5%
50 Teurthéville-Hague 1 032
5%
14 Thaon 1 808
5%
27 Tillières-sur-Avre 1 048
5%
76 Turretot 1 550
5%
14 Valdallière 5 699
5%
14 Varaville 1 013
5%
76 Vatteville-la-Rue 1 133
5%
76 Yainville 1 037
5%
76 Allouville-Bellefosse 1 150
3%
27 Arnières-sur-Iton 1 659
3%
14 Audrieu 1 148
3%
14 Aurseulles 1 903
3%
76 Auzebosc 1 143
3%
27 Aviron 1 098
3%
76 Avremesnil 1 006
3%
27 Barc 1 156
3%
61 Belforêt-en-Perche 1 491
3%
61 Bellou-en-Houlme 1 042
3%
14 Beuvillers 1 319
3%
61 Boischampré 1 181
3%
27 Bouquetot 1 027
3%
27 Breuilpont 1 205
3%
14 Cagny 2 039
3%
14 Cahagnes 1 412
3%
14 Cairon 2 023
3%
14 Castine-en-Plaine 1 707
3%
14 Cesny-les-Sources 1 390
3%
27 Chambois 1 373
3%
61 Chanu 1 253
3%
27 Claville 1 074
3%
14 Cresserons 1 088
3%
14 Dialan sur Chaîne 1 012
3%
14 Feuguerolles-Bully 1 509
3%
27 Flancourt-Crescy-en-Roumois 1 569
3%
27 Grossœuvre 1 399
3%
27 Hauville 1 294
3%
61 Juvigny Val d'Andaine 2 114
3%
27 La Couture-Boussey 2 306
3%
14 Laize-Clinchamps 2 140
3%
27 La Madeleine-de-Nonancourt 1 139
3%
50 La Meauffe 1 002
3%
14 La Vespière-Friardel 1 181
3%
14 Le Castelet 1 772
3%
27 Le Fidelaire 1 007
3%
27 Les Ventes 1 045
3%
61 Longny les Villages 2 878
3%
76 Manéglise 1 264
3%
27 Marbois 1 308
3%
27 Marcilly-la-Campagne 1 111
3%
27 Marcilly-sur-Eure 1 588
3%
27 Ménilles 1 738
3%
14 Méry-Bissières-en-Auge 1 080
3%
50 Montsenelle 1 426
3%
50 Moyon Villages 1 437
3%
76 Néville 1 339
3%
14 Noues de Sienne 4 285
3%
50 Orval sur Sienne 1 197
3%
61 Perche en Nocé 2 001
3%
61 Rânes 1 047
3%
50 Rauville-la-Bigot 1 099
3%
50 Remilly Les Marais 1 058
3%
50 Romagny Fontenay 1 259
3%
27 Rougemontiers 1 032
3%
61 Sablons sur Huisne 1 983
3%
27 Sacquenville 1 234
3%
14 Saint-Désir 1 744
3%
61 Sainte-Gauburge-Sainte-Colombe 1 017
3%
14 Saint-Sylvain 1 438
3%
14 Seulline 1 304
3%
27 Sylvains-Lès-Moulins 1 293
3%
50 Terre-et-Marais 1 304
3%
27 Thénouville 1 009
3%
50 Thèreval 1 787
3%
27 Treis-Sants-en-Ouche 1 360
3%
61 Trun 1 202
3%
14 Valambray 1 682
3%
76 Valliquerville 1 423
3%
14 Valorbiquet 2 491
3%
76 Yébleron 1 278
3%
Aucun quiz correspondant
Distribution des résultats
% des personnes avec chaque résultat
Percentile par nombre de réponses
Votre historique - résultats
Vous n’avez pas pris ce quiz